000 02207nam1a22003971 4500
001 v19\rc\2113563
005 20250605114900.0
035 _a(NLR Aleph) 005183650
090 _a5149053
_c5149053
100 _a20090914d1804 |||y0rusy50 ca
101 1 _arus
_bfre
_ceng
102 _aRU
140 _ay y fgkb yaa0000
200 1 _aНравственная энциклопедия, содержащая обязанности человека в общежитии, или Экономия гражданской жизни
_eПеревод с французскаго
210 _aМосква
_cв типографии Ф. Гиппиуса
_d1804
215 _d12° (16 см)
300 _aЦенз.: Моск. ун-та ценз. ком.
300 _aНа с.[3-6] ч.1 посвящ. пер. Г.А.Шабалину с подписью: М[осковского] у[ниверситета] с[тудент] И-ъ Красовский
300 _aАвторство приписывалось Р. Додсли, а также Ф. Честерфилду (ч. 1) и Дж. Хиллу (ч. 2)
300 _aЗагл. оригинала: The economy of human life
300 _aПер. также под загл.: Китайский мудрец; Книга премудрости и добродетели; Мысли о таинстве натуры и истины; Экономия жизни человеческой
321 1 _aСК 1801-1825 5822
517 0 _aЭкономия гражданской жизни
620 _aМосква
702 1 _aГиппиус
_bФ.
_f18 в.
_gФридрих
_3RU\NLR\AUTH\770234485
_4610
702 1 _aДодсли
_bР.
_f1703-1764
_gРоберт
_3RU\NLR\AUTH\770205557
_4330
702 1 _aЧестерфилд
_bФ. Д. С.
_f1694-1773
_gФилип Дормер Стенхоп
_3RU\NLR\AUTH\7711862
_4330
702 1 _aХилл
_bД.
_gДж.
_4330
702 1 _aКрасовский
_bИ.
_4730
712 0 0 _aГиппиус,
_gФ.,
_hтипография
_cМосква
_3RU\NLR\AUTH\880426164
_4610
801 0 _aRU
_bNLR
_gpsbo
801 1 _aRU
_bProSoft-M
_2rusmarc
852 _aNLR
_j18.76.4.41
942 _cBOOK
980 _aNB